Catálogo
 En Linea

El Ñandu (Rhea americana) : (Registro nro. 19761)

Detalles MARC
000 -CABECERA
campo de control de longitud fija 00623nam a2200169 a 4500
001 - NÚMERO DE CONTROL
campo de control 000020257
005 - FECHA Y HORA DE LA ÚLTIMA TRANSACCIÓN
campo de control 20200929170332.0
008 - DATOS DE LONGITUD FIJA--INFORMACIÓN GENERAL
campo de control de longitud fija 100802s2001 dr c 000 0 spa d
040 ## - FUENTE DE LA CATALOGACIÓN
Centro catalogador/agencia de origen DO-SdBNP
Lengua de catalogación spa
Centro/agencia transcriptor BNPHU
082 ## - NÚMERO DE LA CLASIFICACIÓN DECIMAL DEWEY
Número de clasificación XXXX
Número de documento/Ítem xxxx
100 1# - ENTRADA PRINCIPAL--NOMBRE DE PERSONA
Nombre de persona Santos González, Leopoldo E.
Fechas asociadas al nombre 1954-
9 (RLIN) 42875
245 13 - MENCIÓN DE TÍTULO
Título El Ñandu (Rhea americana) :
Resto del título en el Uruguay de silvestre a granja /
Mención de responsabilidad, etc. Leopoldo E. Santos González.
260 ## - PUBLICACIÓN, DISTRIBUCIÓN, ETC.
Lugar de publicación, distribución, etc. [Santo Domingo] :
Nombre del editor, distribuidor, etc. [s.d],
Fecha de publicación, distribución, etc. 2001.
300 ## - DESCRIPCIÓN FÍSICA
Extensión 86 p. :
Otras características físicas retrs. ;
Dimensiones 29 cm.
500 ## - NOTA GENERAL
Nota general Consejero de la embajada de República Dominicana en el Uruguay
500 ## - NOTA GENERAL
Nota general Incluye datos biografícos del autor.
Existencias
Estado de retiro Estado de pérdida No para préstamo Código de colección Localización permanente Ubicación/localización actual Ubicación en estantería Fecha de adquisición Número de inventario Total de préstamos Signatura topográfica completa Código de barras Fecha visto por última vez Precio válido a partir de Tipo de ítem Koha
    Excluido de préstamo Patrimonio Dominicano Patrimonio Dominicano Patrimonio Dominicano Depósito 24.03.2017 LF1   XXXX xxxx 20257-10 25.06.2020 25.06.2020 Libro y Folleto Colección Patrimonio Dominicano

Con tecnología Koha